000 00351nam a2200145Ia 4500
008 230917s9999||||xx |||||||||||||| ||und||
040 _e142112
_aMAIN
041 _aEnglish
082 _a780.5 S58S
100 _aGarg, Prabhulal
245 0 _aSangeet raag ragni ank
260 _aHathras
_bsangeet karyalaya
_c1972
300 _a260p p.
942 _cBK
999 _c52150
_d52150